LEADER 00832cam0 2200265 450 001 E600200005661 005 20140527102513.0 100 $a20041009d1971 |||||ita|0103 ba 101 $aita 102 $aIT 200 1 $aPizzuto$fRuggero Jacobbi 210 $aFirenze$cLa Nuova Italia$d1971 215 $a106 p.$d17 cm 225 2 $aIl Castoro$v58 410 1$1001LAEC00020592$12001 $a*Il Castoro$v58 700 1$aRuggero$b, Jacobbi$3A600200028283$4070$0164153 801 0$aIT$bUNISOB$c20140527$gRICA 850 $aUNISOB 852 $aUNISOB$j850|Coll|19|K$m15788 912 $aE600200005661 940 $aM 102 Monografia moderna SBN 941 $aM 957 $a850|Coll|19|K$b000107$gSI$d15788$racquisto$1pregresso2$2UNISOB$3UNISOB$420041009075142.0$520140527102544.0$6rovito 996 $aPizzuto$91674260 997 $aUNISOB LEADER 01292nam a22002771i 4500 001 991002576299707536 005 20030715145228.0 008 030925s1981 it a||||||||||||||||ita 035 $ab12308122-39ule_inst 035 $aARCHE-035567$9ExL 040 $aBiblioteca Interfacoltà$bita$cA.t.i. Arché s.c.r.l. Pandora Sicilia s.r.l. 082 04$a324.2450 245 02$aI cattolici dal Fascismo alla Resistenza /$c[introduzione di] Francesco Malgeri 260 $aRoma :$bIl poligono,$c[1981] 300 $aXIX, 587 p. :$bill. ;$c21 cm 440 0$aStoria del movimento cattolico in Italia ;$v4 650 4$aMovimento cattolico$xItalia$xSec. 19.-20. 700 1 $aMalgeri, Francesco 907 $a.b12308122$b02-04-14$c08-10-03 912 $a991002576299707536 945 $aLE005IF XII H 1 IV$cv. 4 $g1$i2005000147470$lle005$o-$pE0.00$q-$rl$s- $t0$u0$v0$w0$x0$y.i11092051$z28-06-02 945 $aLE005 MF 29 B 5 IV$cv. 4 $g1$i2005000147487$lle005$o-$pE0.00$q-$rl$s- $t0$u0$v0$w0$x0$y.i10054030$z27-06-02 945 $aLE002 St. XIX C 3/IV$cV. 4$g1$i2002000717801$lle002$o-$pE0.00$q-$rl$s- $t0$u0$v0$w0$x0$y.i12704064$z08-10-03 996 $aCattolici dal Fascismo alla Resistenza$9162690 997 $aUNISALENTO 998 $a(2)le005$ale002$b08-10-03$cm$da $e-$fita$git $h2$i3